000 00218 a2200109 4500
020 _a9780824954482
041 _aspa
100 _aA. pingry patricia
245 _ala historia de jesus
942 _cBK
952 _74
_xOK
999 _c25962
_d25962